[Event "EU-ch 15th"]
[Site "Yerevan"]
[Date "2014.03.11"]
[Round "8"]
[White "Jianu, Vlad Cristian"]
[Black "Bartel, Mateusz"]
[Result "1/2-1/2"]
[WhiteElo "2574"]
[BlackElo "2662"]
[Annotator "Meulders,R"]
[PlyCount "81"]
[EventDate "2014.03.03"]
[EventType "swiss"]
[EventRounds "11"]
[EventCountry "ARM"]
[SourceTitle "CBM 160"]
[Source "ChessBase"]
[SourceDate "2014.05.15"]
[SourceVersion "1"]
[SourceVersionDate "2014.05.15"]
[SourceQuality "1"]

1. Nf3 f5 2. d4 Nf6 3. g3 g6 4. Bg2 Bg7 5. O-O O-O 6. c4 d6 7. Nc3 c6 8. Re1 {
The best scores for White are after the crucial and main move 8.d5, with 8.b3
or 8.Rb1 as good alternatives. The text move prepares e4, but this is more
logical in the line with ...Qe8 instead of ...c6.} Na6 (8... Ne4 9. Qc2 Nxc3
10. bxc3 e5 11. dxe5 dxe5 12. Ba3 Re8 13. Rad1 Qf6 14. e4 f4 15. Rd6 Be6 16.
Bh3 fxg3 17. hxg3 Na6 18. Bxe6+ $6 (18. Qb3 $1 Rab8 19. Bxe6+ Rxe6 20. Rxe6
Qxe6 21. Bd6 $1 Re8 22. Ng5 Qf6 23. c5+ $18) 18... Rxe6 19. Rxe6 Qxe6 20. Qb3
b5 21. cxb5 Qxb3 22. axb3 cxb5 23. Rd1 Rc8 24. Rd7 h6 25. Rxa7 Nc5 26. Bxc5
Rxc5 27. Nh4 Rxc3 28. Nxg6 Rxb3 29. Ne7+ $16) 9. b3 {Preparing for e4 and then
not playing it, doesn't pose Black any problems.} (9. e4 Nxe4 10. Nxe4 fxe4 11.
Rxe4 Bf5 12. Re1 Qd7 13. Bg5 Rae8 14. Qd2 Bg4 15. Nh4 e5 16. dxe5 Bxe5 17. Bh6
Bg7 18. Bxg7 Qxg7 19. h3 Be6 20. b3 Qf6 21. f4 Bf7 (21... Bc8 22. Rxe8 Rxe8 23.
Rd1 Rd8 24. Kh2 $14) 22. Rxe8 Rxe8 23. Rd1 Rd8 24. Nf3 $14 {1/2-1/2 (77)
Yakovich,Y (2585)-Kuczynski,R (2479) Saint Vincent 2000}) 9... Ne4 ({Relevant:
} 9... Qa5 10. Bb2 e5 11. e4 fxe4 12. Nxe4 Nxe4 13. Rxe4 Bf5 14. Re1 e4 15. Ng5
d5 16. cxd5 cxd5 17. f3 Nc5 18. fxe4 dxe4 19. Nxe4 Nxe4 20. Bxe4 Rae8 21. Bxf5
Qxf5 22. Rf1 Qe4 23. Re1 Qf5 24. Qd2 Bh6 25. Qg2 Be3+ 26. Kh1 Qd7 27. Rf1 Rxf1+
28. Rxf1 Bxd4 29. Bxd4 Qxd4 30. Qxb7 Rf8 31. Rxf8+ Kxf8 32. Qf3+ Kg7 33. Qe2
Qd5+ 34. Kg1 Qd4+ 35. Kg2 Qd5+ 36. Kf2 Qd4+ 37. Kf3 Qd5+ 38. Ke3 Qe5+ 39. Kd3 {
Bogner,S (2587)-Grover,S (2475) Dubai 2014 1-0, probably time.}) 10. Bb2 Nxc3
11. Bxc3 Nc5 $1 {A typical tactical trick to centralise the knight. Black
already has a fine game.} 12. Nd2 d5 $1 {Switching to a Stonewall Leningrad.}
13. cxd5 cxd5 14. Rc1 Ne4 15. Nxe4 $146 ({Predecessor:} 15. e3 Be6 16. f3 Nxc3
17. Rxc3 Qb6 18. f4 Rac8 19. Nb1 Rc6 20. Qd3 Rfc8 21. Rec1 Bf7 22. Nd2 e6 23.
Nf3 Be8 24. Bf1 Bf8 25. Ne5 R6c7 26. Rxc7 Rxc7 27. Rxc7 Qxc7 28. Qd2 Ba3 29.
Kf2 a6 30. Bd3 Bd6 31. Nf3 a5 32. Qe2 Qc1 33. Bb5 Qc8 34. Bxe8 Qxe8 35. Qc2 Qd7
36. h3 $11 {1-0 (74)}) 15... fxe4 16. f3 Bf5 17. Qd2 Qb6 18. Bb2 Rac8 $11 19.
fxe4 Bxe4 (19... dxe4 {is a worthy alternative, e.g.} 20. e3 Bf6 21. Rc3 Rxc3
22. Bxc3 Rc8 23. Rc1 Kg7 $11) 20. Bxe4 dxe4 21. Qe3 Qe6 22. Rxc8 Rxc8 23. Rc1
Rxc1+ 24. Qxc1 Qd7 (24... Qc6 {is another way to achieve a draw.} 25. Qc4+ Kf8
26. Qxc6 (26. d5 $4 Qb6+ {and Black wins.}) 26... bxc6 27. Kf2 Bh6 28. g4 Kf7
29. h4 Bd2 30. e3 Ke6 $11) 25. Kg2 Kf7 26. Qc4+ e6 27. Qc2 Qc6 28. Qxc6 bxc6
29. Kf2 Bh6 30. Ba3 e5 31. dxe5 Ke6 32. Bc5 a6 33. Bd4 Kd5 34. e3 Bf8 35. Ke2
h5 36. h3 Bb4 37. Kd1 c5 38. Bb2 Ba5 39. Ke2 Bc7 40. Kd2 Ba5+ ({Of course
Black must not take the pawn or he'll lose the resulting pawn ending:} 40...
Bxe5 $4 41. Bxe5 Kxe5 42. Kc3 Kd5 43. b4 $1 Kc6 44. Kc4 cxb4 45. Kxb4 Kd5 46.
a3 g5 47. g4 h4 48. a4 $18) 41. Bc3 1/2-1/2

[Event "EU-Cup 29th"]
[Site "Rhodes"]
[Date "2013.10.26"]
[Round "7.2"]
[White "Jepson, Christian"]
[Black "Nijboer, Friso"]
[Result "1/2-1/2"]
[WhiteElo "2392"]
[BlackElo "2528"]
[Annotator "Meulders,R"]
[PlyCount "221"]
[EventDate "2013.10.20"]
[EventType "team-swiss"]
[EventRounds "7"]
[EventCountry "GRE"]
[SourceTitle "CBM 157"]
[Source "ChessBase"]
[SourceDate "2013.11.12"]
[SourceVersion "1"]
[SourceVersionDate "2013.11.12"]
[SourceQuality "1"]
[WhiteTeam "Limhamn"]
[BlackTeam "En Passant"]
[WhiteTeamCountry "SWE"]
[BlackTeamCountry "NED"]

1. d4 f5 2. g3 Nf6 3. Bg2 g6 4. Nf3 Bg7 5. O-O O-O 6. c4 d6 7. Nc3 c6 8. d5 e5
9. dxe6 Bxe6 10. b3 Na6 11. Ng5 Bc8 12. Bb2 Qe7 13. Nf3 (13. Qd2 h6 14. Nh3 Be6
15. Rfe1 Ne4 16. Nxe4 Bxb2 17. Qxb2 fxe4 18. Qd4 Bf5 19. f4 $2 e3 $17 {0-1 (33)
Riemersma,L (2420)-Nijboer,F (2525) Hoogeveen 2012}) (13. Qc2 Bd7 (13... Nc5
14. Rad1 a5 15. Rfe1 Bd7 16. e3 Rad8 17. f4 Rfe8 18. Qd2 h6 19. Nh3 Be6 20. Nf2
Qc7 $2 (20... d5 $1 $15) 21. Qc2 $11 {0-1 (37) Van der Sterren,P (2490)-Klip,H
(2340) Netherlands 1993}) 14. Rad1 Rad8 15. Rfe1 (15. Qd2) 15... Bc8 16. Ba3 $2
(16. Qc1) 16... Ng4 17. Bc1 Nb4 $36 18. Qd2 Bxc3 19. Qxc3 Nxa2 20. Qd2 Nxc1 21.
Qxc1 f4 $19 {0-1 (30) Richter,C (2435)-Nijboer,F (2545) Netherlands 2005})
13... Be6 14. Nd4 (14. Ng5 Bc8 15. Nf3) (14. Re1 Ne4 15. Qc1 Nac5 16. Nxe4 Bxb2
17. Qxb2 fxe4 18. Nd4 e3 19. f4 Bg4 20. Qc2 g5 21. b4 Ne6 22. Nxe6 Qxe6 23. b5
Bf5 24. Qb3 gxf4 25. bxc6 bxc6 26. Bxc6 Be4 27. Bxe4 Qxe4 28. c5+ d5 29. Rad1
Rad8 30. Qd3 Qe6 31. gxf4 Rxf4 32. Rf1 Re4 33. Kh1 Kh8 34. c6 Qe5 35. Rf3 d4
36. c7 Re8 37. Qc4 Rh4 38. h3 Rc8 39. Rg1 Qe4 40. Rg2 Qe7 41. Rfg3 h6 42. Qg8+
Rxg8 43. Rxg8+ Kh7 44. Rh8+ {1-0 (42) Tan,Z (2429)-Cmilyte,V (2525) Shenzhen
2011}) (14. Qd2 Nc5 15. Rad1 Nfe4 16. Qc2 Nxc3 17. Bxc3 Bxc3 18. Qxc3 Ne4 19.
Qc2 d5 20. cxd5 Bxd5 21. Nd4 Rad8 22. Qc1 Nf6 {1/2-1/2 (20) Moranda,W (2533)
-Malaniuk,V (2496) Warsaw 2007}) 14... Bf7 15. Qd2 Rac8 (15... Nc5 16. Rad1
Rfe8 $11) (15... Rfe8 16. e3 Rad8 17. Rfd1 d5 18. cxd5 Nxd5 19. Qe1 Nab4 20.
Ba3 a5) 16. e3 Nc5 17. Rac1 a6 18. Rfd1 Rfd8 19. Qc2 Qe8 20. Ba3 (20. b4 Ncd7
21. Na4) 20... b5 21. Bb4 (21. cxb5 axb5 22. Bb4) 21... bxc4 22. bxc4 Nb7 23.
Na4 Ne4 24. c5 dxc5 25. Bxc5 Nbxc5 26. Nxc5 Nxc5 27. Qxc5 Bf8 28. Qb6 c5 29.
Nc6 Rxd1+ 30. Rxd1 c4 31. Qxa6 $16 Rc7 32. Qb5 $1 (32. Rd8 Rxc6 33. Qa8 Qxd8
34. Qxd8 Rc5 35. Qd2 c3 36. Qc2 Bg7 37. a4 Be5 38. f4 Bf6 39. e4 Bd4+ 40. Kh1
Be6 $11 41. Bh3) 32... c3 33. Rc1 Bg7 (33... Qd7 $5 34. Nd4 (34. Rxc3) 34...
Qxb5 35. Nxb5 Rc5 36. Nxc3 $16) 34. a4 $16 Bf6 35. a5 Qd7 36. a6 c2 $2 {
I assume both players were in terrible time-trouble here.} (36... Kg7 37. Qb6
$18) 37. a7 $4 (37. Rxc2 $1 Qd1+ 38. Bf1 Qxc2 39. Qb8+ Be8 40. Qxe8+ $1 Kg7 41.
a7 $18) 37... Rxa7 38. Nxa7 Qd2 39. Rxc2 Qxc2 40. Nc6 Qc1+ 41. Qf1 Qd2 {
With the extra pawn White has an edge, but the pair of bishops should offer
ample compensation.} 42. Bf3 Bb3 43. Qb1 Qc3 44. Kg2 Kg7 45. h4 Qb2 46. Qd3 Bf7
47. Qd7 Qb5 48. Qd6 Qb6 49. Bd5 Be8 50. Qe6 Bxc6 {Shifting to an ending with
bishops of opposite colour, an almost guaranteed draw.} 51. Bxc6 h5 52. Qd7+
Kh6 53. Bd5 Qd8 54. Qc6 Kg7 55. Bc4 Qe7 56. Qd5 Kh6 57. Qc6 Kg7 58. Be6 Kh6 59.
Bd5 Kg7 60. e4 fxe4 61. Bxe4 Qf7 62. Qd6 Qe7 63. Qd3 Qf7 64. Bd5 Qd7 65. Qe4
Qf5 66. Qc4 Qd7 67. Be4 Qe7 68. Bc2 Qb7+ 69. Be4 Qe7 70. Bc2 Qb7+ 71. Kg1 Qe7
72. Qd3 Qe8 73. Kg2 Qc6+ 74. Kg1 Qe8 75. Kf1 Kh6 76. Kg1 Kg7 77. Kg2 Qc6+ 78.
Kh2 Qe8 79. f4 Kh6 80. Qf3 Qe1 81. Bd3 Qd2+ 82. Kh3 Qe1 83. f5 gxf5 84. Bxf5
Qe5 85. Be4 Qe6+ 86. Kg2 Qa2+ 87. Kh3 Qe6+ 88. Bf5 Qe5 89. Bc2 Kg7 90. Bd3 Qe6+
91. Kg2 Bxh4 $1 {Based on the 'joke' that White has the pawn of the wrong
rook-pawn colour.} 92. Qxh5 (92. gxh4 Qg4+ 93. Qxg4+ hxg4 94. Kg3 Kh8 $11)
92... Bf6 93. Qg6+ Kf8 94. Bc4 Qxc4 95. Qxf6+ Kg8 96. Kh3 Qd3 97. Kh4 Qe4+ 98.
Kg5 Qe3+ 99. Qf4 Qe7+ 100. Kh5 Qe8+ 101. Kh4 Qe1 102. Qg4+ Kh7 103. Qf5+ Kh6
104. Qf6+ Kh7 105. Kg4 Qe2+ 106. Kg5 Qe3+ 107. Qf4 Qe7+ 108. Kh5 Qe8+ 109. Kh4
Qe1 110. Qf5+ Kh6 111. Qf6+ 1/2-1/2

[Event "EU-chT (Men) 21st"]
[Site "Heraklion"]
[Date "2017.11.01"]
[Round "5.2"]
[White "Yilmaz, Mustafa"]
[Black "Nepomniachtchi, Ian"]
[Result "1/2-1/2"]
[WhiteElo "2633"]
[BlackElo "2733"]
[Annotator "Meulders,R"]
[PlyCount "70"]
[EventDate "2017.10.28"]
[EventType "team-swiss"]
[EventRounds "9"]
[EventCountry "GRE"]
[SourceTitle "CBM 182"]
[Source "ChessBase"]
[SourceDate "2018.01.17"]
[SourceVersion "1"]
[SourceVersionDate "2018.01.17"]
[SourceQuality "1"]
[WhiteTeam "Turkey"]
[BlackTeam "Russia"]
[WhiteTeamCountry "TUR"]
[BlackTeamCountry "RUS"]

1. d4 d6 2. Nf3 g6 3. c4 f5 4. g3 Bg7 5. Bg2 Nf6 6. O-O O-O 7. Nc3 c6 8. b3 (8.
d5 {is the main line, e.g.} e5 9. dxe6 Bxe6 10. Qd3 Nbd7 11. Bf4 d5 (11... Nb6)
12. Ng5 dxc4 13. Qd6 Bf7 14. Ne6 Bxe6 15. Qxe6+ Kh8 16. Qxc4 Re8 17. Rad1 Qa5
18. b4 Qb6 (18... Qa3 $14) 19. Na4 $16 {1-0 (35) Harikrishna,P (2727)
-Mamedyarov,S (2765) Beijing 2014}) 8... Na6 9. Bb2 Qc7 10. Rc1 e5 11. Nb5 Qe7
(11... cxb5 12. cxb5 Qa5 13. dxe5 dxe5 14. bxa6 e4 15. axb7 Bxb7 16. Ng5 Rfd8
17. Qc2 Rd2 18. Qb1 Rxe2 19. Ne6 Bh8 20. Qa1 Rxb2 21. Qxb2 $11 {1-0 (41)
Polugaevsky,L-Kholmov,R Kislovodsk 1972; Afterwards the game became very
spectacular, with White eventually winning.}) (11... Qd8 12. dxe5 dxe5 13. Nd6
(13. Ba3 e4 14. Ng5 h6 15. Nh3 cxb5 16. cxb5 Re8 17. Qxd8 Rxd8 18. bxa6 b6 19.
Nf4 g5 20. Ng6 Nd5 {1/2-1/2 (20) Buhmann,R (2612)-Vallejo Pons,F (2689)
Germany 2015} 21. Rfd1 $16) 13... e4 14. Ng5 Qe7 15. h4 $6 (15. c5) 15... h6
16. Nxc8 Raxc8 17. Nh3 Nh5 $11 (17... e3 $1 $15) 18. Bxg7 $11 {1/2-1/2 (75)
Van Scheltinga,T (2330)-Van der Weide,P (2290) Wijk aan Zee 1973}) 12. dxe5
dxe5 13. Ba3 c5 (13... Nb4 14. Qd6 Qxd6 15. Nxd6 a5 16. Nxe5 Nxa2 17. Ra1 Nc3
$11) 14. Qd6 Qxd6 15. Nxd6 e4 16. Ng5 {Remarkably we now have a position that
was already reached a few years ago in a game between two players with a huge
difference in rating.} Nb4 (16... h6 17. Nh3 $14 Ne8 18. Nxc8 Rxc8 19. Nf4 Kf7
$6 (19... Kh7 $14) 20. Rcd1 $16 Nf6 21. f3 g5 22. Nd5 Nxd5 23. Rxd5 Ke6 $2 (
23... exf3 24. Rxf5+ Kg6 25. R5xf3 Bd4+ 26. Kh1 Rxf3 27. Bxf3 Re8 28. Rd1 $16)
24. fxe4 $18 {1-0 (42) Tan,Z (2466)-Roberts,L (1903) Reykjavik 2013}) 17. Bxb4
$2 (17. Rcd1 $1 $14 {moving away from an attack after ...Nxa2 is the only way
to fight for an advantage.} Bh6 18. h4 Bg7 19. f3 Nxa2 20. Nxc8 Raxc8 21. Ne6
Rfe8 22. Nxg7 Kxg7 23. Bb2 exf3 24. Bxf3 Kf7 25. g4 $1 $14 {The powerful white
bishops give Black a hard time.}) 17... cxb4 $11 18. Rfd1 h6 19. Nxc8 Raxc8 20.
Ne6 Rfe8 21. Nxg7 Kxg7 22. f3 Rc7 23. Rd4 exf3 24. Bxf3 b6 25. a3 $2 {Careless.
Black now even gets a tiny advantage.} (25. Rcd1 g5 26. Rd8 Rxd8 27. Rxd8 g4
28. Bg2 Rd7 29. Rxd7+ Nxd7 30. e4 Kf6 31. Kf2 fxe4 32. Ke3 Nc5 33. Bxe4 Ke5 34.
Bg2 $11) 25... bxa3 26. Ra1 Nd7 27. Rxa3 Re3 28. Kf2 Rc3 $15 29. Rd3 Rc2 30.
Re3 Kf6 31. Re8 a5 $2 (31... Rb2 $15) 32. Bd5 Nc5 33. Rb8 Nd7 34. Re8 Nc5 35.
Rb8 Nd7 1/2-1/2

[Event "EU-ch 16th"]
[Site "Jerusalem"]
[Date "2015.03.03"]
[Round "7"]
[White "Beliavsky, Alexander G"]
[Black "Esen, Baris"]
[Result "0-1"]
[WhiteElo "2623"]
[BlackElo "2571"]
[Annotator "Meulders,R"]
[PlyCount "126"]
[EventDate "2015.02.24"]
[EventType "swiss"]
[EventRounds "11"]
[EventCountry "ISR"]
[SourceTitle "CBM 166"]
[Source "ChessBase"]
[SourceDate "2015.05.11"]
[SourceVersion "1"]
[SourceVersionDate "2015.05.11"]
[SourceQuality "1"]

1. d4 f5 2. Nf3 Nf6 3. g3 g6 4. Bg2 Bg7 5. O-O O-O 6. c4 d6 7. Nc3 c6 8. Qc2
Kh8 {Sometimes the dark-squared bishop goes to e6 and Kh8 prepares for the
retreat Be6-g8 in case of a possible Ng5 by White.} 9. Rd1 (9. Bg5 Be6 10. b3
Nbd7 11. Rad1 d5 12. Ne5 Ne4 13. Bf4 Nxe5 14. Bxe5 Bxe5 15. dxe5 Qa5 16. Nxe4
dxe4 17. f4 Qc5+ 18. Kh1 b5 19. Qc3 bxc4 20. b4 Qb6 21. g4 Rad8 22. gxf5 gxf5
23. Bh3 Rxd1 24. Rxd1 Qf2 {0-1 (24) Beliavsky,A (2655)-Jussupow,A (2615)
Reykjavik 1988}) 9... Na6 10. d5 Bd7 11. Be3 Qe8 (11... cxd5 12. cxd5 Nc5 13.
Ne5 Rc8 14. Nxd7 Qxd7 15. Bd4 b5 16. e3 b4 17. Ne2 Nfe4 18. Bxe4 fxe4 19. Bxc5
Qf5 20. Nf4 Rxc5 21. Qd2 g5 22. Ne6 Rxd5 23. Qxd5 Qxf2+ 24. Kh1 Qf3+ 25. Kg1
Qf2+ $11) 12. Qd2 {This stops a possible ...e5 by Black, since after dxe6 en
passant the pawn on d6 would be lost. So Black takes another route.} cxd5 13.
cxd5 b5 $1 $11 {This takes advantage of the awkward position of Be3. White
can't allow ...b4, because Nc3 has no decent square of retreat (the e2-pawn is
in the way). And after the logical a3, the Na6 comes into play.} 14. a3 Nc5 15.
Nd4 Nce4 16. Nxe4 fxe4 17. Nc2 $6 {Of course White wants to redeploy this
knight and the bishop on e3, but there was a better way to do this:} (17. Bg5
$1 Qf7 18. Bxf6 Qxf6 19. Qe3 Rac8 20. Rd2 Rc4 21. Rad1 b4 22. axb4 Rxb4 23.
Bxe4 a5 24. f3 Ra8 (24... Rfb8 25. Nc6 $18) 25. Kg2 Qf8 26. Nc6 Rxb2 27. Rxb2
Bxb2 28. Qb6 Bf6 29. Nxa5 Qh6 30. h4 Ba4 31. Nb3 $14) (17. Ne6 Bxe6 18. dxe6
Qc8 19. Bh3 a6 20. Rac1 Qb7 21. Bg5 Rac8 $11) 17... Qf7 18. Bd4 Kg8 19. Ne3 Bh6
20. Qe1 a6 21. f4 g5 (21... exf3 22. Bxf3 Rac8 $11) 22. f5 g4 23. Qf2 Rac8 24.
Bxf6 {This forces a clarification of the position.} Bxe3 (24... Qxf6 25. Nxg4
Qg5 26. Nxh6+ Qxh6 27. Bxe4 $16) 25. Qxe3 Qxf6 26. Bxe4 Qxb2 27. Bd3 Qe5 $11
28. Qxe5 dxe5 29. e4 $11 Rc3 30. Kf2 Rfc8 31. Ke2 Kf7 32. Kd2 h5 33. Rdb1 (33.
Rdc1 Rxc1 34. Rxc1 Rxc1 35. Kxc1 Be8 36. Kb2 a5 $11 {This can be quite a
tricky position but the outcome should be a draw. One possible line is:} 37.
Kc3 Bd7 38. Be2 Ke8 39. Kb3 Kd8 40. Bf1 Kc7 41. Be2 Kd6 42. Kb2 Kc5 43. Bd3 {
And now Black should do nothing because if he overreaches, he can get into
trouble:} Kd4 $6 44. Bc2 a4 $2 (44... Kc5 $11) 45. d6 $1 exd6 46. f6 Be8 47.
Bb1 $1 {intending Ba2+-} d5 48. exd5 Kc5 49. Kc3 $14) 33... R3c5 {This
position looks so drawn that it seems impossible for either side to lose it.
But through sheer will-power Beliavsky succeeds in doing just that.} 34. Rb2 a5
35. Rc2 Rxc2+ 36. Bxc2 Kf6 37. Bd3 Rc5 38. Rb1 Be8 39. Be2 Kg5 40. Rb3 Kf6 41.
Rd3 $6 Rc8 42. Rb3 Rc5 43. Bf1 Kf7 44. h3 $2 {One can play for a win and one
can play for a loss. It's not realistic for White to try and force matters. He
should have kept c4 under control and the b5-pawn under attack.} gxh3 45. Bxh3
Rc4 $1 {This is why the white bishop should not have left the f1-a6 diagonal.}
46. Bg2 b4 $15 {Now White has to fight for the draw he had all along.} 47. axb4
axb4 48. Bf3 Ba4 $1 49. Rb2 Kf6 $15 50. Ra2 b3 51. Rb2 Kg5 52. Bd1 $2 (52. Rb1
Rc2+ 53. Ke3 Rc3+ 54. Kf2 Bb5 55. Bd1 Bc4 $17) 52... Rxe4 (52... Rd4+ 53. Kc1
Rd3 $19) 53. Kc3 Re1 $19 54. Be2 Rc1+ 55. Kb4 Rc2 56. Ka3 e4 57. Rxc2 bxc2 58.
Kb2 e3 59. Kc1 Kxf5 60. Bxh5 Ke4 61. Be2 Kxd5 62. Kb2 Kd4 63. Ba6 e2 $1 {
After 64.Bxe2 Ke3 White has to give up the bishop or the black king gets to d2
and the c-pawn promotes.} 0-1